000 00282nam a22001337a 4500
008 170802b xxu||||| |||| 00| 0 eng d
020 _a0030594871
041 _aeng
080 _a004
100 _a32
101 _aSHKI
245 _aADA: INTRODUCTION
_cSAIB, S
942 _2udc
_cBK
999 _c22549
_d22549